| Tag |
First Indicator |
Second Indicator |
Subfields |
| LEADER |
00000cam a2200000 a 4500 |
| 001 |
in00000017560 |
| 005 |
20151007053609.0 |
| 008 |
870811s1987 nyua db 00110 eng |
| 010 |
|
|
|a 87018024
|
| 020 |
|
|
|a 0935859179 :
|c $80.00
|
| 035 |
|
|
|a (OCoLC)16577665
|
| 035 |
|
|
|9 AAB2196AM
|
| 040 |
|
|
|a DLC
|c DLC
|d TXA
|d UtOrBLW
|
| 049 |
|
|
|a TXAM
|c [A11051809]
|
| 050 |
0 |
0 |
|a QA76.9.A25
|b L66 1987
|
| 082 |
0 |
|
|a 005.8/03/21
|2 19
|
| 100 |
1 |
|
|a Longley, Dennis.
|
| 245 |
1 |
0 |
|a Data & computer security :
|b dictionary of standards, concepts, and terms /
|c Dennis Longley, Michael Shain.
|
| 264 |
|
1 |
|a New York, N.Y. :
|b Stockton Press,
|c 1987.
|
| 300 |
|
|
|a x, 428 pages :
|b illustrations ;
|c 25 cm.
|
| 336 |
|
|
|a text
|b txt
|2 rdacontent
|
| 337 |
|
|
|a unmediated
|b n
|2 rdamedia
|
| 338 |
|
|
|a volume
|b nc
|2 rdacarrier
|
| 504 |
|
|
|a Bibliography: pages ix-x.
|
| 500 |
|
|
|a Includes index.
|
| 650 |
|
0 |
|a Computers
|x Access control
|x Dictionaries.
|
| 650 |
|
0 |
|a Data protection
|x Dictionaries.
|
| 700 |
1 |
|
|a Shain, Michael.
|
| 740 |
0 |
|
|a Data and computer security.
|
| 999 |
|
|
|a MARS
|
| 999 |
f |
f |
|s 1c019144-68a9-349f-8bf2-87563ae50121
|i ea0c0c15-a072-3053-8141-92cddf83de99
|t 0
|
| 952 |
f |
f |
|p ric
|a Texas A&M University
|b Rellis Campus
|c Joint Library Facility
|d Remote Storage
|t 0
|e QA76.9.A25 L66 1987
|h Library of Congress classification
|i unmediated -- volume
|m A14811051809
|
| 998 |
f |
f |
|a QA76.9.A25 L66 1987
|t 0
|l Remote Storage
|